000 00625nam a2200205 i 4500
001 140710
003 ES-MaACL
005 20230906200133.0
007 t|
008 070914s1967 sp ||||1| spa d
080 _a636(04)
100 1 _aYeates, Neil T. M.
_9117600
245 1 0 _aAvances en zootecnia /
_cN. T. M. Yeates ; [traducción, Arsenio Fraile Ovejero... et al.].
260 _aZaragoza :
_bAcribia,
_c[1967]
300 _a403 p. :
_bil. ;
_c24 cm.
500 _aGrab. intercal.
650 1 4 _aProducción animal.
_916445
700 1 _aFraile Ovejero, Arsenio.
_952113
852 _aES-MaACL
_jC-32986
_bR.63243
999 _c140710
_d140710